| 000 | 00409nam a22001577a 4500 | ||
|---|---|---|---|
| 005 | 20170721095541.0 | ||
| 008 | 170721b xxu||||| |||| 00| 0 eng d | ||
| 020 | _a041508024X | ||
| 040 | _cPK-LaUMT | ||
| 082 |
_aZIAC 291.2 _bGEL-P |
||
| 100 | _aGellner , Ernest | ||
| 245 |
_aPostmodernism, reason and religion/ _cErnest Gellner |
||
| 260 |
_aLondon: _bRoutledge, _c1992 |
||
| 300 | _a108 p. | ||
| 942 | _cBK | ||
| 999 |
_c95450 _d95450 |
||